[Event "FRA T I 120102011"]
[Site "FRA"]
[Date "2010.12.11"]
[Round "4.5"]
[White "Bleuzen, Erwan"]
[Black "Barbot, Pierre"]
[Result "0-1"]
[WhiteElo "2040"]
[BlackElo "2177"]
[PlyCount "86"]
[EventDate "2010.10.17"]
[EventType "team-match"]
[EventRounds "9"]
[EventCountry "FRA"]
[Source "FFE"]
[SourceDate "2010.10.29"]
[BlackTeamCountry "FRA"]

1. d4 Nf6 2. Nf3 g6 3. g3 Bg7 4. Bg2 d5 5. c4 dxc4 6. Nbd2 c3 7. bxc3 O-O 8.
O-O c5 9. e4 Nc6 10. d5 Na5 11. Rb1 Bg4 12. h3 Bxf3 13. Qxf3 Re8 14. Nb3 Nxb3
15. axb3 e5 16. dxe6 Rxe6 17. e5 Nd7 18. Qxb7 Rb8 19. Qxa7 Bxe5 20. Rd1 Re7 21.
Be3 Qb6 22. Qxb6 Rxb6 23. b4 Bxc3 24. bxc5 Rxb1 25. Rxb1 Be5 26. c6 Nb8 27. Bb6
Na6 28. Bf1 Nc7 29. f4 Bd6 30. Rd1 Ne8 31. Ra1 Nc7 32. Ra7 h5 33. h4 Kg7 34.
Kf2 f6 35. Bd3 Kh6 36. Rb7 g5 37. fxg5+ fxg5 38. Be3 Bxg3+ 39. Kf3 Bxh4 40. Bb6
g4+ 41. Kg2 Nd5 42. Bd8 Nf4+ 43. Kh2 g3+ 0-1

[Event "FRA T I 120102011"]
[Site "FRA"]
[Date "2010.12.11"]
[Round "4.6"]
[White "Sorin, Baptiste"]
[Black "Le Montagner, Yoann"]
[Result "1-0"]
[WhiteElo "2223"]
[BlackElo "1999"]
[PlyCount "67"]
[EventDate "2010.10.17"]
[EventType "team-match"]
[EventRounds "9"]
[EventCountry "FRA"]
[Source "FFE"]
[SourceDate "2010.10.29"]
[BlackTeamCountry "FRA"]

1. e4 c5 2. Nf3 d6 3. d4 cxd4 4. Nxd4 Nf6 5. Nc3 g6 6. Be3 Bg7 7. f3 O-O 8. Qd2
Nc6 9. Bc4 Bd7 10. O-O-O Ne5 11. Bb3 Rc8 12. Kb1 Nc4 13. Bxc4 Rxc4 14. g4 Re8
15. h4 h5 16. gxh5 Nxh5 17. Rdg1 b5 18. Rg5 b4 19. Nd5 a5 20. Rhg1 e6 21. Rxh5
exd5 22. Rxd5 Bc6 23. Nxc6 Rxc6 24. h5 Qf6 25. Bd4 Qxf3 26. Bxg7 Kxg7 27. hxg6
f6 28. Rf5 Qxe4 29. Rh5 Qe3 30. Rh7+ Kg8 31. Qd5+ Qe6 32. Qh1 f5 33. Rh8+ Kg7
34. Qh6+ 1-0

[Event "FRA T I 120102011"]
[Site "FRA"]
[Date "2010.12.11"]
[Round "4.3"]
[White "Le Corre, Benjamin"]
[Black "Leriche, Luc"]
[Result "1-0"]
[WhiteElo "2307"]
[BlackElo "1968"]
[PlyCount "87"]
[EventDate "2010.10.17"]
[EventType "team-match"]
[EventRounds "9"]
[EventCountry "FRA"]
[Source "FFE"]
[SourceDate "2010.10.29"]
[BlackTeamCountry "FRA"]

1. e4 c5 2. Nf3 d6 3. Nc3 Nf6 4. d4 cxd4 5. Nxd4 a6 6. Be3 e5 7. Nb3 Be6 8. f3
Be7 9. Qd2 O-O 10. O-O-O a5 11. Bb5 Na6 12. Kb1 Nc7 13. Bb6 Qb8 14. Bxc7 Qxc7
15. a4 Rfd8 16. Nd5 Nxd5 17. exd5 Bd7 18. Qe2 Rdc8 19. c3 Bxb5 20. Qxb5 Ra6 21.
Ka2 Rb6 22. Qd3 Qd7 23. Ka3 Ra8 24. Nd2 Rc8 25. h3 Ra6 26. c4 Bd8 27. h4 Raa8
28. g4 Qc7 29. Ne4 Qb6 30. Qd2 Qa7 31. Ka2 Bb6 32. Nxd6 Rd8 33. Nb5 Qb8 34. h5
Bc5 35. h6 g6 36. g5 Ra6 37. Rh4 Bb4 38. Qe2 Re8 39. Re4 Rb6 40. f4 Rxb5 41.
axb5 Qa7 42. Rxe5 Rxe5 43. fxe5 a4 44. e6 1-0

[Event "FRA T I 120102011"]
[Site "FRA"]
[Date "2010.12.11"]
[Round "4.4"]
[White "Garnier, Teddy"]
[Black "Giacomini, Hector"]
[Result "0-1"]
[WhiteElo "1938"]
[BlackElo "2272"]
[PlyCount "58"]
[EventDate "2010.10.17"]
[EventType "team-match"]
[EventRounds "9"]
[EventCountry "FRA"]
[Source "FFE"]
[SourceDate "2010.10.29"]
[BlackTeamCountry "FRA"]

1. e4 c6 2. c4 d5 3. exd5 cxd5 4. cxd5 Nf6 5. Nc3 Nxd5 6. Bc4 e6 7. Nf3 Nc6 8.
O-O Be7 9. Re1 O-O 10. d4 b6 11. Qe2 Bb7 12. Be3 Rc8 13. Rac1 Na5 14. Bd3 Nb4
15. Bb1 Ba6 16. Qd1 Nc4 17. Qb3 Nxe3 18. Rxe3 Nd5 19. Ree1 Nxc3 20. bxc3 Bb7
21. Qc2 g6 22. Ne5 Qd5 23. f4 Rxc3 24. Qf2 Bh4 25. Qd2 Bxe1 26. Rxe1 Rc7 27. f5
exf5 28. Nf3 Rd8 29. Qh6 Qd6 0-1

[Event "FRA T I 120102011"]
[Site "FRA"]
[Date "2010.12.11"]
[Round "4.5"]
[White "Heurtebize, Olivier"]
[Black "Macon, Arthur"]
[Result "1-0"]
[WhiteElo "2232"]
[BlackElo "1981"]
[PlyCount "83"]
[EventDate "2010.10.17"]
[EventType "team-match"]
[EventRounds "9"]
[EventCountry "FRA"]
[Source "FFE"]
[SourceDate "2010.10.29"]
[BlackTeamCountry "FRA"]

1. d4 Nf6 2. c4 e6 3. g3 d5 4. Nf3 dxc4 5. Bg2 Bb4+ 6. Bd2 a5 7. O-O O-O 8. Qc2
Bxd2 9. Nbxd2 b5 10. a4 c6 11. b3 cxb3 12. Nxb3 b4 13. Ne5 Nd5 14. Nxc6 Nxc6
15. Qxc6 Ra6 16. Qc4 Rd6 17. Rfe1 Nc3 18. Qc5 Qb6 19. Nxa5 Qxc5 20. dxc5 Ra6
21. Nc6 b3 22. Ra3 Rxa4 23. Rxb3 Nxe2+ 24. Rxe2 Ra1+ 25. Bf1 Ba6 26. Kg2 Bxe2
27. Bxe2 g6 28. Rc3 Kg7 29. Nb4 Rc8 30. c6 Kf6 31. h4 h5 32. Ba6 Rc7 33. Bb7
Rb1 34. Rc4 Rb3 35. Kf1 Rb2 36. Ke1 Rb1+ 37. Kd2 Rb2+ 38. Ke3 Kg7 39. Kd4 Re7
40. Kc3 Rb1 41. c7 Rc1+ 42. Nc2 1-0

[Event "FRA T I 120102011"]
[Site "FRA"]
[Date "2010.12.11"]
[Round "4.7"]
[White "Carvallo, Henri"]
[Black "Cohen Solal, Leo"]
[Result "1-0"]
[WhiteElo "2154"]
[BlackElo "1779"]
[PlyCount "58"]
[EventDate "2010.10.17"]
[EventType "team-match"]
[EventRounds "9"]
[EventCountry "FRA"]
[Source "FFE"]
[SourceDate "2010.10.29"]
[BlackTeamCountry "FRA"]

1. d4 Nf6 2. Bf4 d5 3. e3 Bf5 4. c4 c6 5. Nc3 h6 6. h3 g5 7. Bg3 Bg7 8. Qb3 b6
9. cxd5 cxd5 10. Bb5+ Kf8 11. Nf3 e6 12. Ne5 a6 13. Be2 b5 14. a4 Qa5 15. O-O
b4 16. Nd3 Bxd3 17. Bxd3 Ke7 18. Na2 Nc6 19. Rac1 Rhc8 20. Rc5 Qb6 21. Rfc1 Nd7
22. R5c2 Kd8 23. a5 Qb7 24. Rxc6 Rxc6 25. Rxc6 Qxc6 26. Nxb4 Qb7 27. Qa4 f6 28.
Be2 Bf8 29. Nc6+ Ke8 1-0

[Event "FRA T I 120102011"]
[Site "FRA"]
[Date "2010.10.17"]
[Round "1.1"]
[White "Van der Stricht, Geert"]
[Black "Saiboulatov, Danial"]
[Result "1/2-1/2"]
[WhiteElo "2392"]
[BlackElo "2400"]
[PlyCount "80"]
[EventDate "2010.10.17"]
[EventType "team-match"]
[EventRounds "9"]
[EventCountry "FRA"]
[Source "FFE"]
[SourceDate "2010.10.29"]
[BlackTeamCountry "FRA"]

1. d4 d5 2. c4 Bf5 3. cxd5 Bxb1 4. Qa4+ c6 5. Rxb1 Qxd5 6. Nf3 Nd7 7. e3 Nb6 8.
Qb3 Qxb3 9. axb3 e6 10. Bd2 Nf6 11. Bd3 Nbd5 12. O-O Nb4 13. Be2 Ne4 14. Be1
Bd6 15. Ne5 Nd5 16. Nc4 Bc7 17. Bd3 f5 18. Ra1 O-O 19. f3 Nd6 20. Bd2 Nb5 21.
g3 Rad8 22. Rfd1 h6 23. Bf1 g5 24. Be1 a6 25. Bf2 h5 26. Bg2 Bb8 27. Rd2 g4 28.
e4 Ne7 29. Na3 Nxa3 30. bxa3 Ba7 31. Rad1 gxf3 32. Bxf3 fxe4 33. Bxe4 Nf5 34.
Kg2 Rd7 35. Bf3 Ng7 36. Be3 Nf5 37. Bf2 Ng7 38. Be3 Nf5 39. Bf2 Ng7 40. Be3 Nf5
1/2-1/2

[Event "FRA T I 120102011"]
[Site "FRA"]
[Date "2010.10.17"]
[Round "1.1"]
[White "Roeder, Matthias"]
[Black "Gharamian, Tigran"]
[Result "1-0"]
[WhiteElo "246"]
[BlackElo "2658"]
[PlyCount "68"]
[EventDate "2010.10.17"]
[EventType "team-match"]
[EventRounds "9"]
[EventCountry "FRA"]
[Source "FFE"]
[SourceDate "2010.10.29"]
[BlackTeam "Cappelle-La-Grande"]

1. Nf3 Nf6 2. c4 g6 3. Nc3 Bg7 4. e4 d6 5. d4 O-O 6. h3 Nbd7 7. Be3 a6 8. Nd2
e6 9. a4 c5 10. d5 exd5 11. cxd5 Ne8 12. Be2 f5 13. exf5 gxf5 14. Nf3 f4 15.
Bd2 Ne5 16. a5 Bd7 17. Ra2 Nc7 18. O-O Kh8 19. Re1 Qe7 20. Nxe5 Bxe5 21. Bf3
Qg7 22. Kh2 Rae8 23. Rxe5 dxe5 24. Ne4 Nb5 25. Nxc5 Bf5 26. Ra4 Rg8 27. Rb4 Rd8
28. Rxb5 axb5 29. Bc3 h6 30. b4 Kh7 31. d6 Qg5 32. Qd5 h5 33. Bxe5 Rde8 34. d7
Re7 {suite illisible} 1-0

[Event "FRA T I 120102011"]
[Site "FRA"]
[Date "2010.11.13"]
[Round "2.1"]
[White "Saiboulatov, Danial"]
[Black "Buhmann, Rainer"]
[Result "1/2-1/2"]
[WhiteElo "2398"]
[BlackElo "2577"]
[PlyCount "49"]
[EventDate "2010.10.17"]
[EventType "team-match"]
[EventRounds "9"]
[EventCountry "FRA"]
[Source "FFE"]
[SourceDate "2010.10.29"]

1. e4 e5 2. Nf3 Nc6 3. Bb5 Nf6 4. O-O Nxe4 5. d4 Nd6 6. Bxc6 dxc6 7. dxe5 Nf5
8. Qxd8+ Kxd8 9. Nc3 Be6 10. h3 Bb4 11. Ne2 Bd5 12. Bg5+ Kc8 13. Ne1 h6 14. Nd3
hxg5 15. Nxb4 Bc4 16. Rfe1 Rd8 17. Nc3 Nd4 18. Rac1 c5 19. Nd3 Nxc2 20. Rxc2
Bxd3 21. Rcc1 Kd7 22. e6+ fxe6 23. Re5 b6 24. Rxg5 g6 25. Re1 {suite illisible}
1/2-1/2

[Event "FRA T I 120102011"]
[Site "FRA"]
[Date "2010.11.13"]
[Round "2.1"]
[White "Roeder, Matthias"]
[Black "Glavina, Pablo"]
[Result "1/2-1/2"]
[WhiteElo "2415"]
[BlackElo "2460"]
[PlyCount "57"]
[EventDate "2010.10.17"]
[EventType "team-match"]
[EventRounds "9"]
[EventCountry "FRA"]
[Source "FFE"]
[SourceDate "2010.10.29"]

1. Nf3 d5 2. d4 Nf6 3. c4 e6 4. g3 dxc4 5. Qa4+ c6 6. Qxc4 b5 7. Qc2 Bb7 8. Bg5
Nbd7 9. Bg2 Qb6 10. Bxf6 Nxf6 11. O-O c5 12. a4 a6 13. axb5 axb5 14. Rxa8+ Bxa8
15. Nbd2 Be7 16. dxc5 Bxc5 17. Nb3 Bd6 18. Qc8+ Qd8 19. Qxd8+ Kxd8 20. Nfd4
Bxg2 21. Kxg2 Kd7 22. Ra1 Rb8 23. Ra7+ Ke8 24. f4 Rb6 25. Kf3 e5 26. Ra8+ Kd7
27. Ra7+ Ke8 28. Ra8+ Kd7 29. Ra7+ 1/2-1/2

[Event "FRA T I 120102011"]
[Site "FRA"]
[Date "2010.11.14"]
[Round "3.6"]
[White "Durczak, Melanie"]
[Black "Mensch, Etienne"]
[Result "0-1"]
[WhiteElo "1719"]
[BlackElo "2348"]
[PlyCount "35"]
[EventDate "2010.10.17"]
[EventType "team-match"]
[EventRounds "9"]
[EventCountry "FRA"]
[Source "FFE"]
[SourceDate "2010.10.29"]

1. d4 Nf6 2. Nf3 c5 3. e3 g6 4. b3 cxd4 5. exd4 Bg7 6. Nbd2 O-O 7. Bb2 Nc6 8.
c4 d5 9. Bd3 Nh5 10. Bc2 dxc4 11. Nxc4 Bg4 12. Nce5 Bxe5 13. Nxe5 Qa5+ 14. Qd2
Qxd2+ 15. Kxd2 Rfd8 16. Ke3 Rac8 17. Rhd1 Nb4 18. Bd3 0-1

[Event "FRA T I 120102011"]
[Site "FRA"]
[Date "2010.11.14"]
[Round "3.3"]
[White "Moussard, Jules"]
[Black "Le Borgne, Pierre"]
[Result "1-0"]
[WhiteElo "2423"]
[BlackElo "2222"]
[PlyCount "37"]
[EventDate "2010.10.17"]
[EventType "team-match"]
[EventRounds "9"]
[EventCountry "FRA"]
[Source "FFE"]
[SourceDate "2010.10.29"]

1. e4 c5 2. Nf3 Nc6 3. d4 cxd4 4. Nxd4 Qb6 5. Nb3 Nf6 6. Nc3 e6 7. Be3 Qc7 8.
Bd3 a6 9. f4 d6 10. O-O Be7 11. Qf3 Bd7 12. Rae1 Rc8 13. a3 g6 14. Na4 Nd4 15.
Bxd4 Bxa4 16. e5 dxe5 17. fxe5 Bxb3 18. cxb3 Qd7 19. Bb6 1-0

[Event "FRA T I 120102011"]
[Site "FRA"]
[Date "2010.11.14"]
[Round "3.1"]
[White "Gladyszev, Oleg"]
[Black "Saiboulatov, Danial"]
[Result "1/2-1/2"]
[WhiteElo "2482"]
[BlackElo "2398"]
[PlyCount "43"]
[EventDate "2010.10.17"]
[EventType "team-match"]
[EventRounds "9"]
[EventCountry "FRA"]
[Source "FFE"]
[SourceDate "2010.10.29"]

1. d4 e6 2. c4 Bb4+ 3. Nd2 Nf6 4. Ngf3 O-O 5. a3 Be7 6. e4 d5 7. e5 Nfd7 8. b4
a5 9. b5 c5 10. bxc6 Nxc6 11. Bd3 Re8 12. O-O Nf8 13. Nb1 Na7 14. Nc3 dxc4 15.
Bxc4 Qc7 16. Qe2 Bd7 17. Bd2 Rac8 18. Bd3 Bc6 19. Rfe1 Qd7 20. Be3 Bd5 21. Nd2
Rc7 22. Nxd5 {suite illisible} 1/2-1/2

[Event "FRA T I 120102011"]
[Site "FRA"]
[Date "2010.11.14"]
[Round "3.3"]
[White "Jens, Jelmer"]
[Black "Carlier, Bruno"]
[Result "1/2-1/2"]
[WhiteElo "2380"]
[BlackElo "2402"]
[PlyCount "22"]
[EventDate "2010.10.17"]
[EventType "team-match"]
[EventRounds "9"]
[EventCountry "FRA"]
[Source "FFE"]
[SourceDate "2010.10.29"]

1. e4 g6 2. d4 Bg7 3. c4 d6 4. Nc3 e5 5. Nf3 Nc6 6. d5 Nce7 7. h4 Bg4 8. Be2
Bxf3 9. Bxf3 h5 10. Be3 Bh6 11. Qd2 Bxe3 1/2-1/2

[Event "FRA T I 120102011"]
[Site "FRA"]
[Date "2010.11.14"]
[Round "3.5"]
[White "Tournier, Matthieu"]
[Black "Platel, Alexandre"]
[Result "1-0"]
[WhiteElo "2240"]
[BlackElo "2236"]
[PlyCount "103"]
[EventDate "2010.10.17"]
[EventType "team-match"]
[EventRounds "9"]
[EventCountry "FRA"]
[Source "FFE"]
[SourceDate "2010.10.29"]

1. e4 e6 2. d4 d5 3. Nc3 Bb4 4. Nge2 dxe4 5. a3 Be7 6. Nxe4 Bd7 7. c4 Bc6 8.
Qc2 Nd7 9. Be3 Ndf6 10. Nxf6+ Nxf6 11. f3 O-O 12. Nc3 Nh5 13. O-O-O Bg5 14. Qd2
Bxe3 15. Qxe3 Qh4 16. d5 exd5 17. Rd4 Qf6 18. cxd5 Bd7 19. g4 Rfe8 20. Qd2 c5
21. dxc6 Bxc6 22. gxh5 Bxf3 23. Rg1 Re1+ 24. Qxe1 Qxd4 25. Bg2 Bxh5 26. Kb1 Rd8
27. Rf1 b5 28. Qe7 f6 29. Rf4 Qd3+ 30. Ka1 Bf7 31. Be4 Qd2 32. Rf1 Rd7 33. Qc5
Bc4 34. Rd1 Qxd1+ 35. Nxd1 Rxd1+ 36. Bb1 Bd3 37. Qd5+ Kf8 38. Qxd3 Rxd3 39.
Bxd3 h5 40. Bxb5 g5 41. Kb1 Ke7 42. Kc2 Kd6 43. Kd3 f5 44. Kd4 h4 45. Bd3 Ke6
46. b4 g4 47. a4 h3 48. Bf1 Kd6 49. Ke3 Ke5 50. a5 f4+ 51. Kf2 Ke4 52. Be2 1-0

[Event "FRA T I 120102011"]
[Site "FRA"]
[Date "2010.11.14"]
[Round "3.3"]
[White "Rabeyrin, Jean Jacques"]
[Black "Lefebvre, Herve"]
[Result "1/2-1/2"]
[WhiteElo "2230"]
[BlackElo "2291"]
[PlyCount "26"]
[EventDate "2010.10.17"]
[EventType "team-match"]
[EventRounds "9"]
[EventCountry "FRA"]
[Source "FFE"]
[SourceDate "2010.10.29"]

1. e4 c5 2. Nf3 d6 3. d4 cxd4 4. Nxd4 Nf6 5. Nc3 e6 6. Be2 a6 7. a4 Be7 8. O-O
O-O 9. Be3 Qc7 10. f4 Nc6 11. Nb3 b6 12. Nd4 Na5 13. Qd3 Bb7 1/2-1/2

[Event "FRA T I 120102011"]
[Site "FRA"]
[Date "2010.12.11"]
[Round "4.4"]
[White "Bijaoui, Manuel"]
[Black "Bauduin, Etienne"]
[Result "1/2-1/2"]
[WhiteElo "2399"]
[BlackElo "2249"]
[PlyCount "82"]
[EventDate "2010.10.17"]
[EventType "team-match"]
[EventRounds "9"]
[EventCountry "FRA"]
[Source "FFE"]
[SourceDate "2010.10.29"]

1. e4 e6 2. d4 d5 3. Nd2 c5 4. exd5 Qxd5 5. Ngf3 cxd4 6. Bc4 Qd8 7. O-O a6 8.
Nb3 Nc6 9. Nbxd4 Nxd4 10. Nxd4 Bd6 11. h3 Qc7 12. Qe2 Ne7 13. Bg5 O-O 14. Rad1
Ng6 15. Bd3 Re8 16. Rfe1 Bc5 17. c3 Bd7 18. Be4 f6 19. Be3 Rac8 20. Qh5 f5 21.
Bc2 f4 22. Bc1 Bxd4 23. Rxd4 e5 24. Rdd1 Be6 25. Bxg6 hxg6 26. Qxe5 Qxe5 27.
Rxe5 f3 28. Rd6 Bxa2 29. Bf4 Rxe5 30. Bxe5 Re8 31. Bd4 fxg2 32. Kxg2 Be6 33.
Kg3 Kf7 34. h4 Rc8 35. Bxg7 Rc6 36. Rxc6 bxc6 37. Bd4 Bf5 38. Kf4 Ke6 39. Kg5
a5 40. b3 Bc2 41. Bb6 Kf7 1/2-1/2

[Event "FRA T I 120102011"]
[Site "FRA"]
[Date "2010.12.11"]
[Round "4.5"]
[White "Goasdoue, Vincent"]
[Black "Giffard, Nicolas"]
[Result "0-1"]
[WhiteElo "2129"]
[BlackElo "2312"]
[PlyCount "96"]
[EventDate "2010.10.17"]
[EventType "team-match"]
[EventRounds "9"]
[EventCountry "FRA"]
[Source "FFE"]
[SourceDate "2010.10.29"]

1. g3 d5 2. Bg2 Nf6 3. d3 c6 4. Nd2 e5 5. e4 Bd6 6. h3 dxe4 7. Nxe4 Nxe4 8.
dxe4 Qe7 9. Nf3 O-O 10. O-O Rd8 11. Qe2 Nd7 12. Bg5 Nf6 13. Rad1 h6 14. Bxf6
Qxf6 15. Rd2 Be6 16. Rfd1 Bc7 17. Rxd8+ Rxd8 18. Rxd8+ Qxd8 19. b3 f6 20. Qd2
Qe7 21. a4 Qc5 22. Bf1 Ba5 23. Qd3 b5 24. axb5 Bb6 25. Qd2 cxb5 26. Ne1 a5 27.
b4 axb4 28. Nd3 Qc3 29. Qxc3 bxc3 30. Nb4 Bd7 31. Nd5 Ba5 32. Ne3 h5 33. Nf5
Bb4 34. Be2 g6 35. Ne3 Kf7 36. Nd5 Ba5 37. g4 h4 38. Kf1 f5 39. Ne3 fxe4 40.
Ng2 Bd8 41. Ne3 Ke6 42. Ke1 Kd6 43. Kd1 Kc5 44. Bf1 Kd4 45. Be2 Bg5 46. Ng2 b4
47. f3 Ba4 48. Ne1 Bd2 0-1

[Event "FRA T I 120102011"]
[Site "FRA"]
[Date "2010.12.11"]
[Round "4.7"]
[White "Petitprez, Laurent"]
[Black "Laurent, Julien G"]
[Result "0-1"]
[WhiteElo "1921"]
[BlackElo "2282"]
[PlyCount "54"]
[EventDate "2010.10.17"]
[EventType "team-match"]
[EventRounds "9"]
[EventCountry "FRA"]
[Source "FFE"]
[SourceDate "2010.10.29"]

1. e4 g6 2. d4 Bg7 3. Nf3 d6 4. Be2 Nf6 5. Nc3 O-O 6. O-O c6 7. Be3 b5 8. e5
Ne8 9. Qd2 Nd7 10. Bh6 Qc7 11. Bxg7 Kxg7 12. exd6 Nxd6 13. d5 Bb7 14. dxc6 Qxc6
15. Ne1 Nc4 16. Qd4+ e5 17. Qg4 Nf6 18. Qg5 b4 19. b3 Nd6 20. Nd1 Nf5 21. Ne3
Nd4 22. Bf3 e4 23. Bd1 Ba6 24. Qe5 Rad8 25. Nc4 Bxc4 26. bxc4 Qxc4 27. a3 Qc3
0-1

[Event "FRA T I 120102011"]
[Site "FRA"]
[Date "2010.12.11"]
[Round "4.8"]
[White "Lefevre, Margaux"]
[Black "Belloc, Sidonie"]
[Result "0-1"]
[WhiteElo "1975"]
[BlackElo "1840"]
[PlyCount "69"]
[EventDate "2010.10.17"]
[EventType "team-match"]
[EventRounds "9"]
[EventCountry "FRA"]
[Source "FFE"]
[SourceDate "2010.10.29"]

1. e4 e6 2. d4 d5 3. Nc3 dxe4 4. Nxe4 Nd7 5. Nf3 Ngf6 6. Ned2 Be7 7. c3 O-O 8.
Nb3 b6 9. Bd3 Bb7 10. Qc2 h6 11. Be3 Rc8 12. c4 c5 13. Qe2 cxd4 14. Nfxd4 Ne5
15. Bc2 Nxc4 16. O-O Qd5 17. f3 Nxb2 18. Nd2 Bc5 19. Bb3 Qd7 20. Nc2 Rfd8 21.
Ne4 Nxe4 22. fxe4 Qd3 23. Qf2 Rd7 24. Bxc5 Rxc5 25. Rab1 Qc3 26. Ne1 Nc4 27.
Rd1 Rcc7 28. Nc2 Bxe4 29. Rxd7 Rxd7 30. Qe2 Bxc2 31. Bxc4 Qd4+ 32. Kh1 Bd3 33.
Bxd3 Qxd3 34. Qf2 f6 35. Qb2 0-1

[Event "FRA T I 120102011"]
[Site "FRA"]
[Date "2010.12.11"]
[Round "4.1"]
[White "Justo, Damian"]
[Black "Gharamian, Tigran"]
[Result "0-1"]
[WhiteElo "2322"]
[BlackElo "2658"]
[PlyCount "82"]
[EventDate "2010.10.17"]
[EventType "team-match"]
[EventRounds "9"]
[EventCountry "FRA"]
[Source "FFE"]
[SourceDate "2010.10.29"]
[BlackTeam "Cappelle-La-Grande"]

1. d4 Nf6 2. Nf3 e6 3. e3 c5 4. Bd3 g6 5. O-O Bg7 6. dxc5 Qa5 7. a3 Qxc5 8. b4
Qc7 9. Bb2 O-O 10. c4 d6 11. Nc3 a6 12. Qb3 Nbd7 13. Rac1 b6 14. Ne4 Bb7 15.
Nxf6+ Nxf6 16. Nd2 Rac8 17. Rfd1 Qb8 18. Bxf6 Bxf6 19. Be4 Rfd8 20. f3 d5 21.
cxd5 exd5 22. Bb1 Qe5 23. a4 Kg7 24. Qd3 Qb2 25. Rxc8 Rxc8 26. Qb3 Qe5 27. Nf1
Rc3 28. Qa2 Qe7 29. b5 a5 30. Rd3 Rc1 31. Bc2 Ra1 32. Qb3 Qc5 33. Bd1 Rc1 34.
Kf2 d4 35. e4 Bc8 36. Qa2 Be6 37. Bb3 Rc3 38. Bxe6 Rxd3 39. Bxf7 Ra3 40. Qe6
d3+ 41. Ne3 d2 0-1

[Event "FRA T I 120102011"]
[Site "FRA"]
[Date "2010.12.11"]
[Round "4.5"]
[White "Roumegous, Marina"]
[Black "Jossien, Arnaud"]
[Result "0-1"]
[WhiteElo "2174"]
[BlackElo "2318"]
[PlyCount "90"]
[EventDate "2010.10.17"]
[EventType "team-match"]
[EventRounds "9"]
[EventCountry "FRA"]
[Source "FFE"]
[SourceDate "2010.10.29"]

1. d4 d6 2. Nf3 g6 3. e4 Bg7 4. Be2 Nd7 5. O-O e5 6. c3 Ngf6 7. Qc2 O-O 8. Rd1
Qe7 9. d5 Nh5 10. Ne1 Nf4 11. Nd3 Nxe2+ 12. Qxe2 f5 13. Nd2 Nf6 14. c4 f4 15.
f3 g5 16. Nf2 h5 17. Nf1 g4 18. Bd2 Qf7 19. Rdc1 Qg6 20. Kh1 Rf7 21. Bb4 b6 22.
Bc3 Bf8 23. Nd3 Rg7 24. Nd2 Qg5 25. Rc2 Qh4 26. Qe1 g3 27. Nf1 Be7 28. b4 Bd7
29. a4 Rf8 30. a5 Qg5 31. axb6 axb6 32. Ra7 Bd8 33. Qe2 gxh2 34. Qf2 h4 35.
Nxh2 Nh5 36. Nf1 h3 37. Raa2 hxg2+ 38. Qxg2 Qh4+ 39. Qh2 Bh3 40. Be1 Ng3+ 41.
Nxg3 fxg3 42. f4 exf4 43. Ra3 f3 44. Bxg3 Rxg3 45. Nf2 Bg2+ 0-1

[Event "FRA T I 120102011"]
[Site "FRA"]
[Date "2010.12.11"]
[Round "4.6"]
[White "Jossien, Remy"]
[Black "Bernard, Jacques"]
[Result "1/2-1/2"]
[WhiteElo "2277"]
[BlackElo "2209"]
[PlyCount "46"]
[EventDate "2010.10.17"]
[EventType "team-match"]
[EventRounds "9"]
[EventCountry "FRA"]
[Source "FFE"]
[SourceDate "2010.10.29"]

1. e4 c5 2. Nf3 e6 3. d3 Nc6 4. g3 g6 5. Bg2 Bg7 6. O-O Nge7 7. Re1 d6 8. c3 e5
9. Be3 O-O 10. Qd2 b6 11. Bh6 f6 12. Bxg7 Kxg7 13. b4 cxb4 14. cxb4 Bg4 15. Rc1
Qd7 16. b5 Nd8 17. Qb2 Ne6 18. Nbd2 Nc5 19. Ne1 Rac8 20. a4 Nb7 21. Nc2 Rc7 22.
Nb4 Rxc1+ 23. Rxc1 Rc8 {suite illisible} 1/2-1/2

[Event "FRA T I 120102011"]
[Site "FRA"]
[Date "2010.12.11"]
[Round "4.7"]
[White "Roumegous, Etienne"]
[Black "Marchyllie, Bruno"]
[Result "1/2-1/2"]
[WhiteElo "2167"]
[BlackElo "2139"]
[PlyCount "69"]
[EventDate "2010.10.17"]
[EventType "team-match"]
[EventRounds "9"]
[EventCountry "FRA"]
[Source "FFE"]
[SourceDate "2010.10.29"]

1. d4 d5 2. c4 c6 3. Nf3 Nf6 4. Nc3 a6 5. cxd5 cxd5 6. Qb3 Nc6 7. Bg5 e6 8. e3
Be7 9. Rc1 O-O 10. Bd3 h6 11. Bh4 Bd7 12. O-O b5 13. Bb1 Rc8 14. Qd1 g6 15. Ne5
Nxe5 16. dxe5 Nh5 17. Bxe7 Qxe7 18. Qd2 Bc6 19. Ne2 Ng7 20. b4 Rfd8 21. Rc5 Nf5
22. Nd4 Bb7 23. Rfc1 f6 24. Nxf5 gxf5 25. Qd4 fxe5 26. Qxe5 Kf7 27. Qf4 Qf6 28.
Rxc8 Bxc8 29. Rc7+ Bd7 30. Bd3 Ke7 31. Qd4 Qxd4 32. exd4 Re8 33. Kf1 Kd6 34.
Rc5 a5 35. Bxb5 1/2-1/2

[Event "FRA T I 120102011"]
[Site "FRA"]
[Date "2010.12.11"]
[Round "4.8"]
[White "Houck, Veronique"]
[Black "Huguet, Etienne"]
[Result "0-1"]
[WhiteElo "1667"]
[BlackElo "1981"]
[PlyCount "54"]
[EventDate "2010.10.17"]
[EventType "team-match"]
[EventRounds "9"]
[EventCountry "FRA"]
[Source "FFE"]
[SourceDate "2010.10.29"]

1. f4 Nf6 2. Nf3 g6 3. e3 Bg7 4. Be2 d6 5. O-O O-O 6. d3 c5 7. Nc3 Nc6 8. e4 e6
9. e5 dxe5 10. fxe5 Ng4 11. Bg5 Qd7 12. d4 cxd4 13. Nxd4 Qxd4+ 14. Qxd4 Nxd4
15. Bxg4 Bxe5 16. Rae1 Bg7 17. Rf2 Bd7 18. Ref1 Bc6 19. Be7 Rfe8 20. Bc5 f5 21.
Be2 b6 22. Bxd4 Bxd4 23. Bc4 Kf7 24. Rd1 Bxf2+ 25. Kxf2 Rad8 26. Re1 Rd2+ 27.
Ke3 Rxg2 0-1

[Event "FRA T I 120102011"]
[Site "FRA"]
[Date "2010.12.11"]
[Round "4.1"]
[White "Simon, Olivier"]
[Black "Nguyen, Chi Minh"]
[Result "1-0"]
[WhiteElo "2343"]
[BlackElo "2391"]
[PlyCount "29"]
[EventDate "2010.10.17"]
[EventType "team-match"]
[EventRounds "9"]
[EventCountry "FRA"]
[Source "FFE"]
[SourceDate "2010.10.29"]

1. e4 e6 2. d4 d5 3. Nc3 Bb4 4. e5 c5 5. a3 Bxc3+ 6. bxc3 Qc7 7. Qg4 f5 8. Qg3
Nc6 9. Ne2 Kf7 10. h4 Nge7 11. h5 h6 12. Bd2 Bd7 13. Qf3 Qb6 14. Qf4 Raf8 15.
dxc5 {suite illisible} 1-0

[Event "FRA T I 120102011"]
[Site "FRA"]
[Date "2010.12.11"]
[Round "4.2"]
[White "Jens, Jelmer"]
[Black "Marin, Sebastien"]
[Result "1-0"]
[WhiteElo "2380"]
[BlackElo "2164"]
[PlyCount "63"]
[EventDate "2010.10.17"]
[EventType "team-match"]
[EventRounds "9"]
[EventCountry "FRA"]
[Source "FFE"]
[SourceDate "2010.10.29"]

1. e4 e6 2. d4 d5 3. Nd2 c5 4. exd5 exd5 5. Bb5+ Nc6 6. Ngf3 Bd6 7. dxc5 Bxc5
8. O-O Nge7 9. Nb3 Bd6 10. Re1 h6 11. h3 O-O 12. Bd3 Nf5 13. c3 Be6 14. Bc2 Qf6
15. Qd3 g6 16. Qd2 Nce7 17. Nbd4 Rfe8 18. Ba4 Red8 19. Nxe6 fxe6 20. Qe2 Kf7
21. g4 Rg8 22. gxf5 gxf5+ 23. Kh1 Ng6 24. Be3 e5 25. Bb3 Ne7 26. Rad1 e4 27.
Bxd5+ Nxd5 28. Rxd5 f4 29. Qc4 Qe6 30. Rf5+ Ke7 31. Qxe6+ Kxe6 32. Nd4+ 1-0